000 00583nam a2200181 i 4500
001 75338
003 ES-MaACL
005 20230906172420.0
007 t|
008 040923s1929 sp ||||1| spa d
100 1 _aGregorio Rocasolano, Antonio de.
_959907
245 1 0 _aQuímica para médicos y naturalistas /
_cpor Antonio de Gregorio Rocasolano y Luis Bermejo Vida.
260 _aMadrid :
_b[s.n.,
_c1929] (
_fRamona Velasco)
300 _a937 p. :
_bil. ;
_c25 cm.
700 1 _aBermejo Vida, Luis.
_928117
852 _aES-MaACL
_jE-1927
_bR.22698
852 _aES-MaACL
_jB-3900
999 _c75338
_d75338